000 02128nam0a2200433 4500
001 RU\NLR\bibl\266666
005 20250620131616.0
010 _a5-87247-220-X
_bВ пер.
_9750
021 _aRU
_b2001-63930
_93111
035 _a(NLR Aleph) 000262235
090 _a1532022
_c1532022
100 _a20020517d2001 |||y0rusy50 ca
101 0 _arus
102 _aRU
105 _aab |||||||||
200 1 _aНаучные основы экологизации земледелия в лесостепи Зауралья
_e[Учеб. пособие по агроном. специальностям]
_fП.И. Кузнецов, В.П. Егоров
_gПод ред. проф. В.П. Егорова
210 _aКурган
_cЗауралье
_d2001
215 _a364 с.
_cил., карт.
_d21
225 1 _aУчебники и учебные пособия для студентов высших учебных заведений
320 _aБиблиогр.: с. 352-361
606 0 _aЗемледелие
_jРуководства, пособия и т.п.
_xЭкологические основы
_yЗауралье
_92247539
_3RU\NLR\auth\661348300
606 0 _aЗемледелие
_jУчебные издания для высшей школы
_xЭкологические основы
_yЗауралье
_92247539
_3RU\NLR\auth\661348300
610 0 _aСистемы земледелия
610 0 _aПлодородие почвы
610 0 _aСельскохозяйственная экология
610 0 _aЗауралье, земледелие
675 _a631.5/.9:504(470.58)(075.8)
_v3
_zrus
686 _a68.29
_2rugasnti
686 _a41.4я73
_2rubbk
686 _aП14(2Р36)я73
700 1 _4070
_7ca
_8rus
_aКузнецов
_bП. И.
_cд-р с.-х. наук
_f1931-2000
_gПётр Иванович
_9258694
_3RU\NLR\AUTH\770258750
701 1 _aЕгоров
_bВ. П.
_gВладимир Павлович
_4070
801 0 _aRU
_bRKP
_c20020517
_gPSBO
801 1 _aRU
_bRKP
_c20020517
801 2 _aRU
_bNLR
_c20020619
_grcr
942 _cBOOK
980 _aNB